000 00639nam a22001937a 4500
005 20240216121729.0
010 _aENG-139327
020 _c2800.00
_a9788192110608
035 _aEN-122859
037 _bDBAD/PUB
082 _a954.43
245 _aAhmedabad 600:Portraits of a City/
_cBy Suchitra Balasubrahmanyan and Sharmila Sagara
260 _aMumbai
_bThe Marg Foundation
_c2011
270 _aArmy & Navy Building (3rd floor) 148,M G Road
_b Mumbai
_e400001
300 _a156p.
_c31cm(hb)
700 _a Balasubrahmanyan Suchitra
_962211
700 _aSagara Sharmila
_962212
942 _2ddc
_cEN
_mAHM
_h954.43
999 _c200849
_d200849